| Поле | Название | Значение |
| |
Тип записи |
a |
| |
Библиографический уровень |
m |
| 001 |
Контрольный номер |
RU/SLIB/B/208764648 |
| 005 |
Дата корректировки |
20201206204234.0 |
| 010 |
Индекс ISBN |
__ |
| d |
Цена |
35-00 |
| 101 |
Язык документа |
__ |
| a |
Язык текста |
rus |
| 200 |
Заглавие и сведения об ответственности |
1_ |
| a |
Заглавие |
Чтобы помнили... |
| e |
Сведения, относящиеся к заглавию |
[к 70-летнему юбилею со дня рождения А. Н. Першиной, 1932-1998] |
| b |
Общее обозначение материала |
Текст |
| 210 |
Выходные данные |
__ |
| a |
Место издания |
[Ханты-Мансийск] |
| c |
Издательство |
[б. и.] |
| d |
Дата издания |
[1998] |
| 215 |
Физическое описание |
__ |
| a |
Объем |
94 с. |
| c |
Иллюстрации/тип воспроизводства |
фотоил. |
| 330 |
Аннотация |
__ |
| a |
Аннотация |
Издание посвящено памяти А. Н. Першиной - педагогу с большой буквы. представлены фотографии из семейных архивов. Для широкого круга. |
| 600 |
Персоналии |
__ |
| a |
Персоналии (Фамилия) |
Першина А. Н. |
| 606 |
Тематические рубрики |
__ |
| a |
Основная рубрика |
Образование. Педагогика |
| y |
Географическая подрубрика |
Россия ; РФ ; Российская Федерация ; Тюменская область ; ХМАО ; Ханты-Мансийский автономный округ ; Ханты-Мансийск |
| 606 |
Тематические рубрики |
__ |
| a |
Основная рубрика |
История образования |
| 610 |
Ключевые слова |
__ |
| a |
Ключевые слова |
педагоги; персоналии; краеведение; женщины; фотографии |
| 686 |
Индексы других классификаций |
__ |
| a |
Классификационный индекс |
К74.03(2)-8 |
| 801 |
Источник записи |
_0 |
| a |
Страна |
RU |
| b |
Организация |
Муниципальное бюджетное учреждение культуры "Централизованная библиотечная система" г. Сургут (Центральная городская библиотека им. А. С. Пушкина) |
| g |
Правила каталогизации |
КиК/Котельникова |
| 801 |
Источник записи |
_1 |
| a |
Страна |
RU |
| b |
Организация |
Муниципальное бюджетное учреждение культуры "Централизованная библиотечная система" г. Сургут (Центральная городская библиотека им. А. С. Пушкина) |
| g |
Правила каталогизации |
КиК/Котельникова |
| 852 |
Данные о местонахождении |
__ |
| j |
Шифр хранения |
К74.03(2)-8 |
| c |
Каталожный индекс |
К74.03(2) |
| i |
Авторский знак |
Ч-80 |
| p |
Инвентарный номер |
Б/Н |
| 901 |
Тип документа |
__ |
| t |
Тип документа |
m |
| 903 |
Характеристики (МАРС) |
__ |
| a |
Дата передачи |
20040406 |
| 990 |
Данные о заказе (DOS) |
__ |
| j |
Количество экземпляров (DOS) |
1 |
| h |
N записи в КСУ для Б/У (DOS) |
200404 |